Ciudades mundiales más grandes A-Z - Estadísticas

Estadísticas generales
  • Esta prueba ha sido intentada 3.193 veces
    2.383 desde el último reinicio
  • La puntuación promedio es 11 de 26
Estadísticas de respuestas
Población Región Ciudad % Correcto
T 41,0 M Asia Oriental Tokio
83%
N 22,0 M América del Norte Nueva York
82%
P 21,2 M Asia Oriental Pekín
81%
R 12,5 M América del Sur Río de Janeiro
65%
S 40,8 M Asia Oriental Shanghái
61%
E 22,5 M África El Cairo
58%
L 20,7 M África Lagos
55%
Y 29,2 M Asia Sudoriental Yakarta
53%
D 34,6 M Asia Meridional Delhi
49%
V 3,08 M América del Norte Vancouver
48%
C 70,1 M Asia Oriental Cantón
46%
F 7,50 M América del Norte Filadelfia
45%
M 27,2 M Asia Sudoriental Manila
45%
J 14,6 M África Johannesburgo
44%
W 12,2 M Asia Oriental Wuhan
41%
B 27,1 M Asia Meridional Bombay
40%
O 17,7 M Asia Oriental Osaka
35%
G 5,85 M América del Norte Guadalajara
28%
K 20,9 M Asia Meridional Karachi
23%
X 14,9 M Asia Oriental Xiamen
19%
A 9,30 M Asia Meridional Ahmedabad
13%
Q 7,45 M Asia Oriental Qingdao
13%
U 4,85 M Asia Oriental Urumchi
13%
H 13,9 M Asia Oriental Hangzhou
12%
Z 9,80 M Asia Oriental Zhengzhou
9%
I 3,63 M Asia Meridional Indore
5%
No se encontraron pruebas coincidentes
Distribución de puntuación
Porcentaje de gente con cada puntuación
Porcentaje por número respondido
Historial de tus puntuaciones
No has intentado esta prueba desde el último reinicio